000 02956cam a22004934i 4500
003 PE-LiUPU
005 20250731184118.0
008 150616s1987 ck r 000 0 spa d
020 _a9580602867
020 _a9789580602866
035 _a(Sirsi) i9789580602866
040 _aPE-LiUPU
_bspa
_cPE-LiUPU
_erda
049 _aPRUA
082 0 4 _a869.082
_bM/ N44
_221
100 1 _aNeruda, Pablo,
_d1904-1973,
_eautor.
245 1 0 _aCanto General /
_cPablo Neruda.
264 1 _aBogotá, Colombia :
_bEditorial La Oveja Negra,
_c1987.
300 _a381 páginas ;
_c22 centímetros.
336 _atext
_2rdacontent
337 _aunmediated
_2rdamedia
338 _avolume
_2rdacarrier
490 0 _aMaestros de la Literatura Universal
505 0 _aLa lámpara en la tierra -- Alturas de Macchu Picchu -- Los conquistadores -- Los libertadores -- La arena traicionada -- América, no invocó tu nombre en vano -- Canto general de Chile -- La tierra se llama Juan -- Que despierte el leñador -- El fugitivo -- Las flores de Punitaqui -- Los ríos del canto -- Coral de año nuevo para la patria en tinieblas -- El gran océano -- Yo soy.
526 _aP145
526 _aP127
526 _aP97
526 _aP14
526 _aP07
650 0 4 _aPoesía chilena.
910 _ajck
_bjvq
_cjck
910 _bksl
_cksl
_d20190514
942 _2ddc
_cBOOK
949 _a869.082 M/ N44
_wDEWEY
_c1
_i43103
_lCCODEBUL1
_mBUL
_r0
_sY
_tBOOK
_u2015-6-16
_xEDUCACION
_PP20
_0COMPRA
_o.STAFF. Colección Ciencias Humanas y Educación
949 _a869.082 M/ N44
_wDEWEY
_c2
_i47462
_lCCODEBUL1
_mBUL
_r0
_sY
_tBOOK
_u2015-6-16
_xEDUCACION
_PP20
_0COMPRA
_o.STAFF. Colección Ciencias Humanas y Educación
949 _a869.082 M/ N44
_wDEWEY
_c3
_i43101
_lCCODEBUL1
_mBUL
_r0
_sY
_tBOOK
_u2015-6-16
_xEDUCACION
_PP20
_0COMPRA
_o.STAFF. Colección Ciencias Humanas y Educación
949 _a869.082 M/ N44
_wDEWEY
_c4
_i43102
_d2016-8-1
_e2016-7-31
_lCCODEBUL1
_mBUL
_n2
_r0
_sY
_tBOOK
_u2015-6-16
_xEDUCACION
_PP20
_0COMPRA
_o.STAFF. Colección Ciencias Humanas y Educación
994 _aC0
_bPEPRU
596 _a1
999 _a869.082 M/ N44
_wDEWEY
_c61076
_i43103
_f2021-11-9
_g6
_lCCODEBUL1
_mBUL
_p19.00
_r0
_sY
_tBOOK
_u2015-6-16
_xEDUCACION
_PP20
_0COMPRA
_o.STAFF. Colección Ciencias Humanas y Educación
_d61076
999 _a869.082 M/ N44
_wDEWEY
_c2
_i47462
_d2017-11-22
_e2017-9-5
_f2021-11-9
_g6
_lCCODEBUL1
_mBUL
_n1
_p19.00
_q1
_r0
_sY
_tBOOK
_u2015-6-16
_xEDUCACION
_PP20
_0COMPRA
_o.STAFF. Colección General
999 _a869.082 M/ N44
_wDEWEY
_c3
_i43101
_f2021-11-9
_g6
_lCCODEBUL1
_mBUL
_p19.00
_r0
_sY
_tBOOK
_u2015-6-16
_xEDUCACION
_PP20
_0COMPRA
_o.STAFF. Colección Ciencias Humanas y Educación
999 _a869.082 M/ N44
_wDEWEY
_c4
_i43102
_d2022-6-20
_e2016-7-31
_f2021-11-9
_g6
_lCCODEBUL1
_mBUL
_n2
_p19.00
_q1
_r0
_sY
_tBOOK
_u2015-6-16
_xEDUCACION
_PP20
_0COMPRA
_o.STAFF. Colección Ciencias Humanas y Educación
980 _81
_gALBERTO SANCHEZ Responsable de Automatización